000 00570nam a2200229Ia 4500
003 OSt
005 20221005122425.0
006 a|||||r|||| 00| 0
007 ta
008 221004b |||||||| |||| 00| 0 kan d
024 _a60793
037 _cTextual
040 _aCRL
_cCRL
_bkan
041 _2kan
_akan
082 _aO33,3N18,2, J0
100 _aMirji Annarai Au.
_9631959
245 0 _aJijaya shree
260 _c1950
650 _aKANNAD FICTION
942 _hO33,3N18,2, J0
_cTEXL
_2cc
999 _c1044249
_d1044249